Responses for show #8118 - Wednesday, December 18, 2019

Contestants

Dave Algase, an information professional and writer from Saline, Michigan

Christine Hurt, a law professor from Orem, Utah

Rodolfo Yuichiro Bedoy, an IT project manager from New York, New York (whose 1-day cash winnings total $18,799)

Jeopardy! Round responses

ON THE FIRST LADY'S IMDB PAGE
THE SPORTING LIFE
BASKIN-ROBBINS' 31 ORIGINAL FLAVORS
PEACEFUL WORDS
PLACE ON EARTH
GOOD WHEEL TOWARD MEN
    $200 15
Nancy Reagan

Dave
    $200 10
Yom Kippur

Christine
    $200 13
French Vanilla

Dave
    $200 1
calm

Rodolfo
    $200 6
inch

Rodolfo
    $200 25
roulette

Dave
    $400 17
(Dave: Who is Hillary Clinton?)

Melania Trump

ChristineDave
    $400 11
two hours

Dave
    $400 14
coffee

Christine
    $400 2
medium

Rodolfo
    $400 7
Singapore

Rodolfo
    $400 26
(Rodolfo: What is a third wheel?)

a fifth wheel

RodolfoChristine
    $600 18
Michelle Obama

Christine
    $600 12
the Houston Rockets

Rodolfo
    $600 21
Cherry

Christine
    $600 3
(Christine: What is [*]?)
(Alex: We'll accept that. Yeah.)
[NOTE: Alex did not mention the expected response as shown above.]

softly (*very quiet)

Christine
    $600 8
(Rodolfo: What is science?)

Chemistry

RodolfoChristine
    $920 27
Meals on Wheels

Christine
    $800 19
Hillary Clinton

Dave
    $800 16
the Ryder Cup

Dave
    $800 22
sherbet

Rodolfo
    $800 4
cool

Christine
    $800 9
Grenada

Dave
    $800 28
Chuck Woolery

Triple Stumper
    $1000 30
Eleanor Roosevelt

Christine
    $1000 20
(Christine: What is Australia rules football?)
[Accepted without comment]

Australian rules football

Christine
    $1000 23
(Rodolfo: What is Chocolate Hazelnut?)

Chocolate Chip

Rodolfo
Triple Stumper
    $1000 5
bland

Rodolfo
    $1000 24
Mount Whitney

Christine
    $1000 29
(Christine: What is brie?)
(Dave: What is Emmentaler?)

Gruyère

ChristineDave
Triple Stumper

Scores at the first commercial break (after clue 14):

Rodolfo Christine Dave
$2,200 $2,600 $1,400

Scores at the end of the Jeopardy! Round:

Rodolfo Christine Dave
$1,600 $7,520 $2,000

Double Jeopardy! Round responses

BRIDE & PREJUDICE
WORLD HISTORY
MUSICIANS WHO ACT
LITERATURE
ACRONYMS & ABBREVIATIONS
IT'S ASTRONOMICAL
    $400 24
(Alex: Less than a minute now.)

Henry VIII

Dave
    $400 5
Ozzy Osbourne

Rodolfo
    $400 7
20

Dave
    $400 15
not in my backyard

Rodolfo
    $400 20
Uranus

Rodolfo
    $800 28
[The end-of-round signal sounds.]

Virginia

Christine
    $800 4
pope

Dave
    $800 11
Lady Gaga

Triple Stumper
    $800 8
Planet of the Apes

Rodolfo
    $800 16
Free

Rodolfo
    $800 21
Canis Major

Rodolfo
    $1200 27
Seven Brides for Seven Brothers

Christine
    $1,118 3
(Christine: What are the Twelve Points?)
...
(Alex: Probably those wagers of yours.)
(Christine: Must be.)
(Alex: Those weird numbers.)

Fourteen Points

Christine
    $1200 9
Mariah Carey

Rodolfo
    $1200 13
Buck

Triple Stumper
    $1200 17
detective

Rodolfo
    $1200 22
a nebula

Christine
    $1600 25
(Dave: What is Catholicism?)

Protestantism

ChristineDave
    $1600 2
the Silk Road

Christine
    $1600 6
50 Cent

Dave
    $1600 12
E.M. Forster

Rodolfo
    $1600 18
atrial fibrillation

Dave
    $624 23
(Christine: What is... Explorer?)

Voyager

Christine
    $2000 26
Lena Horne

Christine
    $2000 1
Chile

Triple Stumper
    $2000 10
Justin Timberlake

Rodolfo
    $2000 14
(Alex: [*], Domine?)

Quo Vadis

Triple Stumper
    $2000 19
the Special Air Service

Triple Stumper

Scores at the end of the Double Jeopardy! Round:

Rodolfo Christine Dave
$11,200 $14,178 $5,200

[wagering suggestions for these scores]

Final Jeopardy! Round responses

PLANTS & TREES
DaveWhat is mist holly
$3,018
RodolfoWhat is mistletoe?
$11,199
ChristineWhat is fir?
$8,223
holly

Final scores:

Rodolfo Christine Dave
$1 $5,955 $8,218
3rd place: $1,000 2nd place: $2,000 New champion: $8,218

Game dynamics:

Coryat scores:

Rodolfo Christine Dave
$11,200 $15,600 $5,200
17 R,
3 W
19 R
(including 1 DD),
3 W
(including 2 DDs)
12 R,
3 W

Combined Coryat: $32,000

The J! Archive is created by fans, for fans. The Jeopardy! game show and all elements thereof, including but not limited to copyright and trademark thereto, are the property of Jeopardy Productions, Inc. and are protected under law. This website is not affiliated with, sponsored by, or operated by Jeopardy Productions, Inc. Join the discussion at JBoard.tv.